| 000 | 01245nam a2200121Ia 4500 | ||
|---|---|---|---|
| 008 | 220616s9999||||xx |||||||||||||| ||und|| | ||
| 245 | 0 | _aSoftware for Exascale Computing - SPPEXA 2016-2019 | |
| 546 | _aEnglish[eng] | ||
| 650 | _aSimulation and Modeling||Performance and Reliability||Computational Science and Engineering||Input/Output and Data Communications||Mathematical and Computational Engineering||Numerical and Computational Physics, Simulation||Computer Science||Computer Hardware||Mathematical and Computational Engineering Applications||Theoretical, Mathematical and Computational Physics||open access||computational algorithms and numerical methods||data management and exploration||high-performance computing||simulation software and applications||system software and software tools||Computer modelling & simulation||Systems analysis & design||Maintenance & repairs||Maths for scientists||Computer networking & communications||Distributed databases||Maths for engineers||Mathematical physics | ||
| 700 | _aBungartz, Hans-Joachim||Reiz, Severin||Uekermann, Benjamin||Neumann, Philipp||Nagel, Wolfgang E. | ||
| 856 | _uhttps://library.oapen.org/bitstream/20.500.12657/41289/1/2020_Book_SoftwareForExascaleComputing-S.pdf | ||
| 942 | _cEB | ||
| 999 |
_c19475 _d19475 |
||